Cyclisme : Effectif 2025 de la INEOS Grenadier - Statistiques

Statistiques générales
  • Ce quiz a été pris 67 fois
  • Le résultat moyen est 17 sur 27
Statistiques - réponses
Pays Reprensenté Coureur % Correct
Colombie Egan Bernal
96%
Espagne Carlos Rodriguez
82%
Pologne Michał Kwiatkowski
82%
Espagne Óscar Rodríguez
82%
France Axel Laurance
80%
Italie Filippo Ganna
80%
Royaume-Uni Geraint Thomas
78%
Espagne Jonathan Castroviejo
76%
Monaco Victor Langellotti
76%
Pays-Bas Thymen Arensman
72%
Norvège Tobias Foss
72%
Royaume-Uni Joshua Tarling
70%
Luxembourg Bob Jungels
68%
Belgique Laurens De Plus
66%
USA Magnus Sheffield
62%
Royaume-Uni Ben Turner
56%
USA Andrew August
50%
Royaume-Uni Ben Swift
50%
Royaume-Uni Connor Swift
50%
Canada Michael Leonard
48%
Allemagne Kim Heiduk
46%
Espagne Omar Fraile
46%
Colombie Brandon Rivera
44%
Italie Salvatore Puccio
44%
Royaume-Uni Samuel Watson
42%
Australie Lucas Hamilton
26%
USA Artem Shmidt
20%
Aucun quiz correspondant
Distribution des résultats
% des personnes avec chaque résultat
Percentile par nombre de réponses
Votre historique - résultats
Vous n’avez pas pris ce quiz